01204nam a22002897a 45000010005000000030006000050050017000110080041000280200018000690400029000870500014001160820008001301000022001382450132001602600040002923000063003325050007003955200183004025210028005855210018006136500046006317000030006777000033007079420015007409990015007559520144007707409FISKH20250714100133.0250714b cb ||||| |||| 00| 0 eng d a9780312510855 aFISKHbengcFISKHdFISKH aQL49.C683 a590 aCornford, Lovisa  aAnimals A-Z : bFor kids who really love animals! /cWritten by Lovisa Cornford ; Designed by Bethany Side and Nicola Friggens  aNew York : bPriddy Books, c2011.  a28 unnumbered pages : bcolor illustrations ; c26 x 32 cm aG  aMeet 26 of the most incredible animals which inhabit out planet - one for each letter of the alphabet. Find out what they eat, how big they are and more with this amazing A to Z.8 a400 bLexile estimate 8 aG bRaz-Plus  aAlphabetvSciencexWildlifeyPicture Book aSide, Bethany eDesigner  aFriggens, Nicola eDesigner  2ddccBKn0 c7409d7409 00102ddc40708NFICa001b001cTK Blued2025-07-14l1oCOR 590 QL49.C683 pFISTK02394r2025-10-17 08:07:34s2025-10-03t1w2025-07-14yBK